classic rock bands - Statistics

General Stats
  • This quiz has been taken 1,807 times
    208 since last reset
  • The average score is 9 of 15
Answer Stats
Hint Answer % Correct
Another One Bits The Dust Queen
93%
Smoke On The Water Deep Purple
92%
Kashmir Led Zeppelin
90%
Ziggy Stardust David Bowie
83%
Sympathy For The Devil Rolling Stones
80%
Light My Fire The Doors
75%
Voodoo Child Jimi Hendrix
71%
Back In The USSR The Beatles
71%
Who Are You Who
49%
Welcome To The Machine Pink Floyd
45%
Born On The Bayou CCR
34%
Sunny Afternoon The Kinks
28%
For What It's Worth Buffalo Springfield
26%
Living In The Past Jethro Tull
16%
Wooden Ships CSNY
8%
No matching quizzes found
Score Distribution
Percent of People with Each Score
Percentile by Number Answered
Your Score History
You have not taken this quiz since the last reset